01059nas a2200241Ia 4500001001100000003000900011008004100020040001300061040001300074041001200087100005000099210002900149222002900178245010700207250001100314260004000325501008600365300002000451310001600471362002500487500026600512650003900778R707/F0362IT-RoPAU151124c99999999xx |||||||||||| ||und|| aIT-RoPAU cIT-RoPAU aTEDESCO aLange Ulrich ThomasgCodice Aut. SPICS: 50181 aZEITSCHRIFT FUR SEMIOTIK aZeitschrift Fur Semiotik aZEITSCHRIFT FUR SEMIOTIK, VOL. 19-N.3 (1997)bRettet Das Telefon! Ein Pladoyer Fur Verhulltes Sprechen a1a ed. aTUBINGENbSTAUFFENBURG VERLAGc1997 bPaulus - SPICS - Società San Paolo EM (non-commercial uses only)cCopyright2015 a26 p. [265-290] aTRIMESTRALE aVOL. 19, N.03 (1997) aTelefono Come Mezzo di Comunicazione Ha Due Limiti Tecnici di Base: Iniziodella Conversazione Appartiene a Chi Chiama, Proprietà Visive, Olfattive,Tattili e Termiche della Conversazione sono Inaccessibili. Parzialità della Interazione: Possibilità di Conc aSEMIOTICAvPUBBLICAZIONE PERIODICA